| 000 | | | 03666nac2a22002651x 450 |
| 001 | | | 2476e62a-bce2-41c1-913d-1e8ed5a6dcd4 |
| 005 | | | 20131121140440.0 |
| 100 | ## | $a | 20130529l1926 k y0rusy50 ca |
| 101 | 0# | $a | rus |
| 102 | ## | $a | RU |
| 105 | ## | $a | y z ||||| |
| 122 | 0# | $a | d19260325 |
| 200 | 1# | $a | Письмо Мешковской К. неустановленному лицу с обращением "Ольга Михайловна" |
| | $j | 25 марта 1926 |
| 215 | ## | $a | 2 листа |
| 251 | ## | $c | Дело |
| 300 | ## | $a | Содержит отзывы об А. Ф. Кони |
| 300 | ## | $a | Рукописный текст |
| 330 | ## | $a | Биографические очерки, статьи и другие материалы разных лиц об А. Ф. Кони |
| 461 | #0 | $1 | 0013a54f2e3-e9cf-409b-80fa-f0a9bd3c40cb |
| | $1 | 2001 |
| | $a | Кони Анатолий Федорович, юрист, литератор, член академии наук, председатель Санкт-Петербургского окружного суда, член государственного совета |
| | $1 | 251 |
| | $c | Фонд |
| | $1 | 852 |
| | $j | 564 |
| 462 | #0 | $1 | 00178a475cd-a47d-4377-bff3-cee4b81de655 |
| | $1 | 2001 |
| | $a | Опись дел фонда А. Ф. Кони за 1880-1931 гг. |
| | $1 | 251 |
| | $c | Опись |
| | $1 | 852 |
| | $j | 1 |
| 600 | #1 | $a | Кони |
| | $b | А. Ф. |
| | $f | 1844-1927 |
| | $g | Анатолий Федорович |
| 600 | #1 | $a | Мешковская |
| | $b | К. |
| 801 | #0 | $a | RU |
| | $b | GA_RF |
| 801 | #1 | $a | RU |
| | $b | НПО Опыт |
| | $c | 20130529 |
| | $2 | rusmarc |
| 801 | #2 | $a | RU |
| | $b | ПБ им. Б.Н. Ельцина |
| | $c | 20131121 |
| | $g | RCR |
| | $2 | rusmarc |
| 852 | ## | $a | ГА РФ |
| | $j | 4205 |
| 937 | ## | $d | 41889133 |
| | $h | ПБ |
| 035 | ## | $a | RuPRLIB51005646 |